LEADER 04441nam 2200949 a 450 001 9910786204803321 005 20220902233757.0 010 $a1-283-80628-2 010 $a0-520-95379-7 024 7 $a10.1525/9780520953796 035 $a(CKB)2670000000276909 035 $a(EBL)1068764 035 $a(OCoLC)818846350 035 $a(SSID)ssj0000756586 035 $a(PQKBManifestationID)11393196 035 $a(PQKBTitleCode)TC0000756586 035 $a(PQKBWorkID)10753374 035 $a(PQKB)11733072 035 $a(DE-B1597)519174 035 $a(OCoLC)1110708823 035 $a(DE-B1597)9780520953796 035 $a(Au-PeEL)EBL1068764 035 $a(CaPaEBR)ebr10627464 035 $a(CaONFJC)MIL411878 035 $a(MiAaPQ)EBC1068764 035 $a(EXLCZ)992670000000276909 100 $a20121210d2012 uy p 101 0 $aeng 135 $aurcn||||||||| 181 $ctxt 182 $cc 183 $acr 200 00$aPoems for the millennium$b[electronic resource] $ethe University of California book of North African literature. Volume four /$fedited with commentaries by Pierre Joris and Habib Tengour 210 $aBerkeley $cUniversity of California Press$d2012 215 $a1 online resource (793 p.) 225 0 $aPoems for the millennium ;$vv. 4 300 $aIncludes index. 311 $a0-520-26913-6 311 $a0-520-27385-0 327 $tFront matter --$tContents --$tThanks And Acknowledgments --$tIntroduction --$tA Book Of Multiple Beginnings --$tFirst Diwan --$tThe Oral Tradition I --$tSecond Diwan --$tA Book Of Mystics --$tThird Diwan --$tA Book Of Writing --$tFourth Diwan --$tThe Oral Tradition II --$tFifth Diwan --$tA Book Of Exiles --$tThe Oral Tradition III --$tFifth Diwan --$tCredits --$tIndex Of Authors 330 $aIn this fourth volume of the landmark Poems for the Millennium series, Pierre Joris and Habib Tengour present a comprehensive anthology of the written and oral literatures of the Maghreb, the region of North Africa that spans the modern nation states of Libya, Tunisia, Algeria, Morocco, and Mauritania, and including a section on the influential Arabo-Berber and Jewish literary culture of Al-Andalus, which flourished in Spain between the ninth and fifteenth centuries. Beginning with the earliest pictograms and rock drawings and ending with the work of the current generation of post-independence and diasporic writers, this volume takes in a range of cultures and voices, including Berber, Phoenician, Jewish, Roman, Vandal, Arab, Ottoman, and French. Though concentrating on oral and written poetry and narratives, the book also draws on historical and geographical treatises, philosophical and esoteric traditions, song lyrics, and current prose experiments. These selections are arranged in five chronological "diwans" or chapters, which are interrupted by a series of "books" that supply extra detail, giving context or covering specific cultural areas in concentrated fashion. The selections are contextualized by a general introduction that situates the importance of this little-known culture area and individual commentaries for nearly each author. 606 $aNorth African literature 610 $aafrican literature. 610 $aafrican poetry. 610 $aal andalus. 610 $aalgeria. 610 $aanthology. 610 $aarabo berber literature. 610 $abook club reads. 610 $aglobal literature. 610 $ahistorical survey. 610 $ahistorical. 610 $ajewish literature. 610 $alibya. 610 $alit analysis. 610 $alit students. 610 $aliterary criticism. 610 $aliterary critics. 610 $aliterary studies. 610 $aliterary. 610 $aliterature and culture. 610 $amaghreb. 610 $amauritania. 610 $amorocco. 610 $anorth africa. 610 $anorth african poets. 610 $aoral literatures. 610 $apoetry collection. 610 $aspain. 610 $atunisia. 610 $aworld poetry. 615 0$aNorth African literature. 676 $a808.8/9961 701 $aJoris$b Pierre$01156277 701 $aTengour$b Habib$0658013 801 0$bMiAaPQ 801 1$bMiAaPQ 801 2$bMiAaPQ 906 $aBOOK 912 $a9910786204803321 996 $aPoems for the millennium$93780134 997 $aUNINA LEADER 05496nam 2200685Ia 450 001 9910830706903321 005 20230721004825.0 010 $a1-282-11349-6 010 $a9786612113499 010 $a0-470-44421-5 010 $a0-470-44420-7 035 $a(CKB)1000000000707540 035 $a(EBL)427828 035 $a(OCoLC)437111393 035 $a(SSID)ssj0000334782 035 $a(PQKBManifestationID)11255949 035 $a(PQKBTitleCode)TC0000334782 035 $a(PQKBWorkID)10271777 035 $a(PQKB)10138134 035 $a(MiAaPQ)EBC427828 035 $a(EXLCZ)991000000000707540 100 $a20080718d2009 uy 0 101 0 $aeng 135 $aur|n|---||||| 181 $ctxt 182 $cc 183 $acr 200 10$aApplications of texture analysis$b[electronic resource] $ea collection of papers presented at the 15th International Conference on Textures of Materials (ICOTOM 15), June 1-6, 2008, Pittsburgh, Pennsylvania /$fedited by A.D. Rollett 210 $aHoboken, N.J. $cWiley$dc2009 215 $a1 online resource (838 p.) 225 1 $aCeramic transactions ;$vv. 201 300 $a"American Ceramic Society." 311 $a0-470-40835-9 320 $aIncludes bibliographical references and index. 327 $aApplications of Texture Analysis; Contents; Preface; Acknowledgments; THIN FILMS (MICROELECTRONICS, HTSC; The Texture of Thin NiSi Films and Its Effect on Agglomeration; Epitaxial Substrates from Ni-Based Ternary Alloys With Cr and W; Cube Texture Formation in Ni-Pd and Ni-Pd-W Alloys For HTS Tapes; Texture of Rapidly Solidified Cu Thin Films Studied by SEM EBSD and TEM; Control of Texture in Polycrystalline Thin Films Used as DataStorage Media; Influences of Processing Parameters on Microstructures and Microtextures of Au Flip Chip Bonds During Microelectronics Packaging 327 $aTEXTURE AT NON-AMBIENT CONDITIONSIn Situ Observation of Texture Evolution in Ti-10-2-3; Study of Texture Evolution at High Strain Rates in FCC Materials; Texture and Microstructure Development in Copper after Cryogenic Rolling and Heat Treatment; In-Situ EBSD Study of the ?-?-? Phase Transformation in a Microalloyed Steel; Texture Changes during Phase Transformations Studied In Situ With Neutron Diffraction; NOVEL TEXTURE MEASUREMENT TECHNIQUES INCLUDING 3D; Three-Dimensional FIB-OIM of Ceramic Materials; Comparison of X-Ray and EBSD Textures for Back-Annealed Al-Mg Alloys 327 $aA New Method for Quantification of Texture Uniformity of PlateSeparating Coincident Electron Backscatter Diffraction Patterns Near Interfaces; Rapid Texture Determination Based on Two Dimensional X Ray Detector; Semiautomatic Determination of Orientations and Elastic Strain from Kossel Microdiffraction; Statistically Reliable EBSD Analysis Method of Grain Boundary Characterization; 3D Microstructures and Textures of a Plane Strain Compressed {1 10} AI-0.3% Mn Single Crystal 327 $aThree Laws of Substructure Anisotropy of Textured Metal Materials, Revealed by X-Ray Method of Generalized Pole Figures3D-Microstructural and Texture Characterization in Different Length Scales; Local Crystal Rotations of Bulk Grains by High-Resolution EBSD during Hot PSC of AI-0.1 % Mn Polycrystals; Grain Boundary Orientations in a Fe-Mn-Cu Polycrystalline Alloy; Development of a TEM-Based Orientation Microscopy System; COMPLEX OXIDES AND OTHER COMPOUNDS; Domain Control Effect on Voltage-Strain in BaTiO3 Single Crystal; Tentative Simulation of Crystal Rotation for NaCl Structures 327 $aINTERFACE TEXTURESGrain Boundary Patterns in Dynamically Recrystallized Quartz Aggregates; The Correlation between Grain Boundary Character and lntergranular Corrosion Susceptibility of 2124 Aluminum Alloy; Rodrigues-Frank Spaces for Misorientations and Orientation Relationships between Crystals of Any Two Crystallographic Point Groups; Origins of Texture Memory in Steels; A Grain Boundary Analysis of Cemented Tungsten Carbides using OIM; The Effect of Grain and Phase Boundary Misorientation on Nucleation during Solid-State Phase Transformations in a Co-15Fe Alloy 327 $aMicrostructural Modification in a 15Cr-1 5Ni-2.2 Mo-Ti Modified Austenitic Stainless Steel through Twin Induced Grain Boundary Engineering 330 $aThis volume contains papers presented at The 15th International Conference on the Texture of Materials from June 1-5th, 2008 in Pittsburgh, PA. Chapters include: Thin FilmsTexture at Non-Ambient ConditionsNovel Texture Measurement Techniques Including 3DComplex OxidesInterface TexturesRecrystallization TextureBiomaterialsTexture Effects on Damage AccumulationDigital MicrostructuresView information on Materials Processing and Texture: Ceramic Transactions, Volume 200. 410 0$aCeramic transactions ;$vv. 201. 606 $aMaterials$xTexture$vCongresses 606 $aMetals$xTexture$vCongresses 606 $aTexture (Crystallography)$vCongresses 615 0$aMaterials$xTexture 615 0$aMetals$xTexture 615 0$aTexture (Crystallography) 676 $a620.11 686 $aUQ 8500$2rvk 701 $aRollett$b A. D$g(Anthony D.)$01640823 712 02$aAmerican Ceramic Society. 712 12$aInternational Conference on Textures of Materials 801 0$bMiAaPQ 801 1$bMiAaPQ 801 2$bMiAaPQ 906 $aBOOK 912 $a9910830706903321 996 $aApplications of texture analysis$93984559 997 $aUNINA LEADER 04206aam 2200925 n 450 001 9910495680003321 005 20250709195723.0 010 $a9782728809974 010 $a2728809976 024 7 $a10.4000/books.editionsulm.2930 035 $a(CKB)4100000011923627 035 $a(FrMaCLE)OB-editionsulm-2930 035 $a(PPN)255906854 035 $a(FR-PaCSA)88902595 035 $a(FRCYB88902595)88902595 035 $a(oapen)doab131507 035 $a(EXLCZ)994100000011923627 100 $a20210511j2021|||| ||| 0 101 0 $afre 135 $auu||||||m|||| 181 $ctxt$2rdacontent 182 $cc$2rdamedia 183 $acr$2rdacarrier 200 10$aL?histoire de l?art et ses concepts $eAutour de Heinrich Wölfflin /$fDanièle Cohn, Rémi Mermet 210 $aParis $cÉditions Rue d?Ulm$d2021 215 $a1 online resource (192 p.) 225 1 $aÆsthetica 311 08$a9782728806904 311 08$a272880690X 330 $aCe volume est le fruit d'un travail au long cours consacré aux implications philosophiques de la pensée wölfflinienne, mené dans le cadre des activités de la chaire d'esthétique de l'UFR de philosophie de l'Université Paris 1 Panthéon-Sorbonne. Ce travail a notamment donné lieu à un séminaire et un colloque international en hommage au centenaire de la parution des Principes fondamentaux de l'histoire de l'art en 2015, un projet de recherche sur le problème de l'accrochage au musée, en association avec le Labex CAP et le département des peintures du musée du Louvre, mais aussi une nouvelle traduction française des Principes, à paraître sous peu aux éditions L'Écarquillé. Les contributions ici rassemblées sont issues de cette réflexion collective, centrée autour de la question de l'usage des catégories dans une discipline - l'histoire de l'art - habituellement inquiète face à des entreprises externes de systématisation et de conceptualisation de ses méthodes et enquêtes. Qu'est-ce que, pour un historien de l'art, le style d'un artiste, d'une époque ou d'un peuple, et comment, pourquoi, à quelles fins, vouloir les caractériser ? Comment rendre compte du passage d'un style à l'autre ? Doit-on pour cela établir uniquement des classifications historiques et s'y tenir, ou est-il nécessaire de recourir au contraire à des catégorisations esthétiques ? Quels types de rapports, alors, celles-ci entretiennent-elles avec celles-là ? 606 $aArts & Humanities 606 $arelations franco-irlandaises 606 $aXIXe siècle 606 $aXXe siècle 606 $ahistoire de l?art 606 $arecueil 606 $ahistorien suisse 606 $ascience de l?art 606 $aart et philosophie 606 $a1915 606 $aouvrage de référence 606 $aréfléxion sur les arts 610 $a1915 610 $aart et philosophie 610 $ahistoire de l'art 610 $ahistorien suisse 610 $aouvrage de référence 610 $arecueil 610 $aréfléxion sur les arts 610 $arelations franco-irlandaises 610 $ascience de l'art 610 $aXIXe siècle 610 $aXXe siècle 615 4$aArts & Humanities 615 4$arelations franco-irlandaises 615 4$aXIXe siècle 615 4$aXXe siècle 615 4$ahistoire de l?art 615 4$arecueil 615 4$ahistorien suisse 615 4$ascience de l?art 615 4$aart et philosophie 615 4$a1915 615 4$aouvrage de référence 615 4$aréfléxion sur les arts 700 $aCohn$b Danie?le$00 701 $aMermet$b Re?mi$01276001 701 $aAllard$b Se?bastien$00 701 $aBe?got$b Jacques-Olivier$00 701 $aBonneau$b Lara$01276003 701 $aCazal$b Raphaëlle$01276004 701 $aCohn$b Danie?le$00 701 $aGalland-Szymkowiak$b Mildred$01276005 701 $aLasse?gue$b Jean$0781491 701 $aZanetta$b Julien$01276006 801 0$bFR-FrMaCLE 906 $aBOOK 912 $a9910495680003321 996 $aL?histoire de l?art et ses concepts$93006782 997 $aUNINA